000 01160nmc a2200361 a 4500
003 AR-BaBNM
005 20251128204800.0
008 265119s1993 ||||||||||||||000 | spa||
020 _a950-557-196-8
040 _cAR-BaBNM
100 1 _aSarmiento, Domingo Faustino
_d1811-1888
245 1 0 _aViajes por Europa, Africa y América
_b1845-1847 y diario de gastos
250 _a1ª ed.
260 _aBuenos Aires
_bAllca XX
_bFondo de Cultura Económica
_c1993
300 1 _axxxi, 1108 p.
_bcuadros
490 0 _aArchivos
_vv. 27
500 1 _aContiene estudio preliminar de Saer, Juan José en p. xv-xviii
500 1 _aNota filológica preliminar de Rojas, Elena M. en p. xxv-xxviii
500 1 _aAdvertencia de la correctora de pruebas Jiménez, Purificación en p. xxix-xxxi
500 0 _aContiene fe de erratas
504 _aBibliografía en p. 1099-1108
650 4 _aVIAJES
650 4 _aCORRESPONDENCIA
650 4 _aMEMORIAS
651 4 _aEuropa
651 4 _aAmérica
651 4 _aAfrica
653 0 _aRELATOS DE VIAJES
655 _aLITERATURA
700 1 _aFernández, Javier
_ecoordinador
942 _cBK
998 _cGLORIA
999 _c8802
_d8802